Public Finance and Public Choice Analytical Perspectives

Na minha lista:
Detalhes bibliográficos
Autor principal: Cullis, John
Outros Autores: Jones, Philip
Formato: Livro
Idioma:inglês
Publicado em: London MacGraw-Hill 1992
Edição:1. ed.
Assuntos:
Tags: Adicionar Tag
Sem tags, seja o primeiro a adicionar uma tag!

MARC

LEADER 00000nam a2200000 4500
001 c011065
005 20221206084835.2
020 |a 0-07-707400-9 
041 0 |a eng 
044 |a GB 
245 1 0 |a Public Finance and Public Choice  |b Analytical Perspectives  |c John Cullis, Philip Jones 
250 |a 1. ed. 
264 1 |a London  |b MacGraw-Hill  |c 1992 
300 |a 486 s. 
610 2 0 |a financie verejné 
610 2 0 |a trh 
610 2 0 |a politika finančná 
610 2 0 |a politika fiškálna 
100 1 |a Cullis, John 
700 1 |a Jones, Philip